000 00507nam a22001575i 4500
001 173042
003 ES-MaACL
005 20251005063134.0
008 091019s1873 fr |||| | fre d
100 1 _aSainte-Beuve, Charles-Augustin,
_d1804-1869
_9162958
245 1 0 _aLettres à la princesse /
_cCharles-Agustin Sainte-Beuve.
260 _aParis :
_bMichel Lévy Frères,
_c1873 (
_fImp. J. Clavé)
300 _aIII, 367 p. ;
_c18 cm.
852 _aES-MaACL
_jG-15895
999 _c173042
_d173042